Linear multivariable control : a geometric approach /
Guardado en:
| Autor Principal: | |
|---|---|
| Formato: | Libro |
| Idioma: | English |
| Publicado: |
New York :
Springer-Verlag,
c1985.
|
| Edición: | 3rd ed. |
| Series: | Applications of mathematics ;
10 |
| Materias: | |
| Etiquetas: |
Agregar Etiqueta
Sin Etiquetas, Sea el primero en etiquetar este registro!
|
| LEADER | 00756pam a2200229 a 4500 | ||
|---|---|---|---|
| 001 | MAT.inmabb004840 | ||
| 008 | 840919s1985####nyua#####b####001#0#eng## | ||
| 005 | 20130314100722.0 | ||
| 245 | 1 | 0 | |a Linear multivariable control : |b a geometric approach / |c W. Murray Wonham. |
| 250 | |a 3rd ed. | ||
| 260 | |a New York : |b Springer-Verlag, |c c1985. | ||
| 300 | |a xvi, 334 p. : |b il. ; |c 25 cm. | ||
| 440 | 0 | |a Applications of mathematics ; |v 10 | |
| 504 | |a Incluye referencias bibliográficas (p. 311-324) e índices. | ||
| 510 | 4 | |a MR, |c 86e:93034 | |
| 020 | |a 0387960716 | ||
| 100 | 1 | |a Wonham, W. Murray, |d 1934- | |
| 650 | 0 | |a Control theory. | |
| 084 | |a 93B27 (93C35) |2 msc2000 | ||
| 010 | |a 84022118 | ||
| 040 | |a DLC |c DLC |d DLC | ||
| 859 | |h 93 |i W872 |p A-6009 |b BIB. MATEMATICA | ||
